000 00475nam a2200169 i 4500
001 23516
003 ES-MaACL
005 20230906152903.0
007 t|
008 021211s1972 sp ||||1| spa d
245 0 0 _aAmadis de Gaula /
_c[selección y prólogo de Ramón Tenreiro].
250 _a[1ª ed].
260 _a[Madrid] :
_bDoncel,
_c[1972]
300 _aXVI, 193 p. ;
_c18 cm.
700 1 _aTenreiro, Ramón María.
_9109707
852 _aES-MaACL
_jC-46523
_bR.81241
999 _c23516
_d23516